The Good Place Quiz - Statistics

General Stats
  • This quiz has been taken 817 times
  • The average score is 14 of 41
Answer Stats
Hint Answer % Correct
Name all the known types of Janets. Bad Janet
84%
Name all the known types of Janets. Good Janet
83%
Name all the known types of Janets. Disco Janet
71%
Name also the Janet-like being that Janet created. Derek
70%
Name all the known types of Janets. Neutral Janet
70%
Who died and left Aristotle in charge of ethics? Plato
69%
Why does Chidi think he went to the Bad Place? Using almond milk
69%
Main torturer (after Michael) who constantly complains about his management. Vicky
65%
How does the time in the afterlife flow? Jeremy Bearimy
60%
What chain of hypermarkets had Tahani never heard of? Wal-Mart
60%
Who are the 4 subjects in the experiment in the Medium Place (the recreation of Neighborhood 12358W)? Linda Johannsen (Chris Baker) not counted. Chidi Anagonye
59%
Write one of the wrong surnames that Eleanor has used for Chidi. Anna Kendrick, Anaconda, etc.
55%
What is the stuffed toy that Michael calls an "ugly yellow toddler"? A Minion
50%
How many people were there in Jason's dance crew "Dance Dance Resolution: We Resolve to Dance? 60
49%
Resident that falls into the sinkhole and later betrays the demons in Season 4. Glenn
49%
What is the Judge's name short for? Hydrogen
45%
Who are the 4 subjects in the experiment in the Medium Place (the recreation of Neighborhood 12358W)? Linda Johannsen (Chris Baker) not counted. Simone Garnett
43%
Demon that keeps "going to the gym". Chris
40%
Who are the 4 subjects in the experiment in the Medium Place (the recreation of Neighborhood 12358W)? Linda Johannsen (Chris Baker) not counted. Brent Norwalk
35%
What's the meaning of IHOP? Interdimensional Hole of Pancakes
35%
How perfect can any place or thing in the universe be? Up to 104%
34%
Jason wasn't a failed DJ, he was... pre-successful
33%
Who are the 4 subjects in the experiment in the Medium Place (the recreation of Neighborhood 12358W)? Linda Johannsen (Chris Baker) not counted. John Weaton
31%
Complete Vicky's quote: "I am a strong, independent ____ _____ in the skinsuit of a strong, independent woman. acid snake
17%
Demon that pretends to find a way to save the humans from going to the Bad Place in the first attempt. Bambadjan
15%
What was Jason's name as a DJ? Mr. Music the DJ
15%
Couple of "soulmates" that stay with Eleanor and Chidi during the sinkhole crisis. Nina
15%
Demon that is introduced as the other possible soulmate for Chidi. Angélique
13%
Couple of "soulmates" that stay with Eleanor and Chidi during the sinkhole crisis. Bart
13%
Lava Monster that Eleanor and Chidi see without his human skin. Toddrick
13%
How does Eleanor refer to the 4 humans in Team cockroach? Hint: Jason answers with "And who am I? Describe me now!" Literally the dumbest person I've ever met
12%
How does Eleanor refer to the 4 humans in Team cockroach? Hint: Jason answers with "And who am I? Describe me now!" A human turtleneck
10%
Couple of residents that are extremely excited to pick up trash. A dumpster later falls on them. Gunnar
10%
Resident whose dog is kicked into the Sun by Michael. She's also one of two possible soulmates for Chidi in the second attempt. Pevita
9%
Couple of residents that are extremely excited to pick up trash. A dumpster later falls on them. Antonio
8%
How does Eleanor refer to the 4 humans in Team cockroach? Hint: Jason answers with "And who am I? Describe me now!" An Arizona dirtbag
7%
Buddhist monk that is Jason's soulmate in the second attempt. Luang
6%
The resident who may be soulmates with one of the previous characters, other than Chidi. Pedro
6%
Tahani's "soulmate" that is much shorter than her. Quinston
5%
How does Eleanor refer to the 4 humans in Team cockroach? Hint: Jason answers with "And who am I? Describe me now!" A narcissistic monster
4%
Resident who crashed with a rotting turkey carcass because of Eleanor. Gayle
4%
No matching quizzes found
Score Distribution
Percent of People with Each Score
Percentile by Number Answered
Your Score History
You have not taken this quiz